000 00247nam a22001217a 4500
041 _aENG
100 _aLockeretz.W
245 _aAgriculture and Energy
260 _aNew York
_bAcademic Press
_c1977
300 _a750
650 _aGAE
856 _uGAE
999 _c2806
_d2806